LEADER 00824nam0-2200277 --450 001 9910309528103321 005 20190301123755.0 010 $a978-88-430-6374-1 100 $a20190301d2013----kmuy0itay5050 ba 101 2 $aita$aspa 102 $aIT 105 $a 001yy 200 1 $a<>libro dei dodici sapienti$ela formazione del re nella Castiglia del 13. secolo$fa cura di Gaetano Lalomia 210 $aRoma$cCarocci$d2013 215 $a143 p.$d18 cm 225 1 $aBiblioteca medievale$v140 300 $aTraduzione italiana a fronte. 676 $a868.1$v22 702 1$aLalomia,$bGaetano 801 0$aIT$bUNINA$gREICAT$2UNIMARC 901 $aBK 912 $a9910309528103321 952 $a868.1 LAL 1$bBibl.2019$fFLFBC 959 $aFLFBC 996 $aLibro dei dodici sapienti$91546182 997 $aUNINA LEADER 01639nam 2200505 a 450 001 9910457997503321 005 20200520144314.0 010 $a1-4267-1337-1 035 $a(CKB)2560000000052891 035 $a(OCoLC)694147503 035 $a(CaPaEBR)ebrary10430629 035 $a(SSID)ssj0000474701 035 $a(PQKBManifestationID)11315369 035 $a(PQKBTitleCode)TC0000474701 035 $a(PQKBWorkID)10455061 035 $a(PQKB)11539692 035 $a(MiAaPQ)EBC913880 035 $a(Au-PeEL)EBL913880 035 $a(CaPaEBR)ebr10430629 035 $a(OCoLC)922903930 035 $a(EXLCZ)992560000000052891 100 $a20090629d2009 uy 0 101 0 $aeng 135 $aurcn||||||||| 181 $ctxt 182 $cc 183 $acr 200 10$aAssaulting the gates$b[electronic resource] $eaiming all God's people at the mission field /$fPaul D. Borden 210 $aNashville, TN $cAbingdon Press$dc2009 215 $a1 online resource (198 p.) 300 $aBibliographic Level Mode of Issuance: Monograph 311 $a1-4267-0220-5 327 $aA valid role for dinosaurs -- Flanking the enemy -- Recruiting the officers -- Reconnaissance -- Executing the plan of battle -- Recruiting the soldiers -- Military advisers -- Engaging the enemy. 606 $aChurch growth 608 $aElectronic books. 615 0$aChurch growth. 676 $a269/.2 700 $aBorden$b Paul D$0982505 801 0$bMiAaPQ 801 1$bMiAaPQ 801 2$bMiAaPQ 906 $aBOOK 912 $a9910457997503321 996 $aAssaulting the gates$92242372 997 $aUNINA LEADER 01853nam 2200421 450 001 9910713501603321 005 20200608130734.0 035 $a(CKB)5470000002502653 035 $a(OCoLC)1157210036 035 $a(EXLCZ)995470000002502653 100 $a20200608j197012 ua 0 101 0 $aeng 135 $aur||||||||||| 181 $ctxt$2rdacontent 182 $cc$2rdamedia 183 $acr$2rdacarrier 200 10$aExhaust emissions from a vehicle equipped with the Roberts induction modification supplied under contract CPA 70-51 /$fJohn C. Thomson 210 1$a[Ann Arbor, Mich.] :$cDivision of Motor Vehicle Research and Development, National Air Pollution Control Administration, Environmental Protection Agency,$dDecember 1970. 215 $a1 online resource (approximately 7 pages) 300 $a"December 1970." 300 $a"71-14." 300 $aReport number assigned by the National Service Center for Environmental Publications (NSCEP); TAEB7114. 300 $aChiefly tables. 606 $aMotor vehicles$xMotors$xModification$xTesting 606 $aMotor vehicles$xPollution control devices$xTesting 606 $aMotor vehicles$xMotors$xExhaust gas$xAnalysis 608 $aTechnical reports.$2lcgft 615 0$aMotor vehicles$xMotors$xModification$xTesting. 615 0$aMotor vehicles$xPollution control devices$xTesting. 615 0$aMotor vehicles$xMotors$xExhaust gas$xAnalysis. 700 $aThomson$b John C.$065120 712 02$aUnited States.$bNational Air Pollution Control Administration.$bDivision of Motor Vehicle Research and Development, 801 0$bGPO 801 1$bGPO 906 $aBOOK 912 $a9910713501603321 996 $aExhaust emissions from a vehicle equipped with the Roberts induction modification supplied under contract CPA 70-51$93542238 997 $aUNINA LEADER 01867nas 2200433 n 450 001 990008977470403321 005 20240229084427.0 011 $a0367-9071 035 $a000897747 035 $aFED01000897747 035 $a(Aleph)000897747FED01 035 $a000897747 091 $2CNR$aP 00003984 100 $a20161109b19471955km-y0itaa50------ba 101 0 $afre 102 $aFR 110 $aauu-------- 200 1 $aIndustries agricoles et alimentaires 207 1$a1947-1955 210 $aParis$c[s.n.] 436 0$12001$aBulletin de l'Association des chimistes (Paris) 436 0$12001$aAgriculture et industrie (Paris) 436 0$12001$aRevue générale de l'alimentation 440 0$1001000897748$12001$aIndustries alimentaires et agricoles 530 0 $aIndustries agricoles et alimentaires 675 $a664 675 $a63 676 $a630 676 $a664.005 801 0$aIT$bACNP$c20090723 859 4 $uhttp://acnp.cib.unibo.it/cgi-ser/start/it/cnr/dc-p1.tcl?catno=1913&person=false&language=ITALIANO&libr=&libr_th=unina1$zBiblioteche che possiedono il periodico 901 $aSE 912 $a990008977470403321 958 $aBiblioteca. Dipartimento Scienza degli Alimenti. Sez. Scienza degli Alimenti-Facoltà di Agraria-Università degli Studi Federico II di Napoli$b1948-1955.$fDAGSA 959 $aDAGSA 996 $aIndustries agricoles et alimentaires$9792964 997 $aUNINA AP1 8 $6866-01$aNA144 Biblioteca. Dipartimento Scienza degli Alimenti. Sez. Scienza degli Alimenti-Facoltà di Agraria-Università degli Studi Federico II di Napoli$ev. Università,100, 80055 Portici (NA)$m08125.39322$nit AP2 40$aacnp.cib.unibo.it$nACNP Italian Union Catalogue of Serials$uhttp://acnp.cib.unibo.it/cgi-ser/start/it/cnr/df-p.tcl?catno=1913&language=ITALIANO&libr=&person=&B=1&libr_th=unina&proposto=NO